000 00356 a2200133 4500
999 _c325541
_d325541
001 90468
003 NUST
082 _a809.89282 DAR
100 _aDarlison Aleesah
_99848
245 _aUnicorn Riders ; Willow's Challenge
_hEnglish
_cAllesah Darlison
260 _aLondon
_bWalker Books
_c2011
300 _a126p.
500 _aGeneral Books
942 _aCAE NUST
_cBK
_k809.89282 DAR
_2ddc